000 00502nam a2200181Ia 4500
008 180207s9999 xx 000 0 und d
020 _a9780802851109
050 _bD111 1989
100 _aDoney, Meryl
245 _aEars and the secret song /
245 _cMeryl Doney ; illustrated by William Geldart.
260 _aGrand Rapids, Michigan :
260 _bWilliam B. Eermans Publishing Company,
260 _c1989
300 _aunpaged :
300 _bcolor illustration ;
300 _c24cm.
999 _c355366
_d355366